000 00676ata a2200265 4500
005 20260428184549.0
008 150519b2010 xxu||||| |||| 00| 0 spa d
020 _a9788441527966
041 _aESP
082 _a371.334 H292m
100 _aHaro Olle, Juan José de
_928544
245 _aRedes sociales para la educación
260 _aEspaña
260 _bAnaya
260 _c2010
300 _a426 páginas
490 _aTemática General
650 _aINTERNET EN EDUCACIÓN
650 _aENSEÑANZA POR COMPUTADORAS
650 _aREDES SOCIALES
650 _aWORLD WIDE WEB
650 _aIDENTIDAD DIGITAL
650 _aMICROBOLOGGIN
942 _cBK
_2ddc
999 _c5765
_d5765